000 00944 a2200229 4500
008 080822t xxu||||| |||| 00| 0 eng d
010 _aENG-85115
020 _a8188689807
_c435.00
035 _aEN-68648
037 _bD.B.Act / Pub
082 _a658.4012
100 _aSherman, Herbert
245 _aStrategic management
_ban organization change approach
_cby Herbert Sherman, Daniel James Rowley and Barry R. Armandi
260 _aNew Delhi
_bOverseas Press India
_c2007
270 _a7/28, Ansari Road, Darya Ganj
_bNew Delhi
_e110 002
_moverseas@de13.vsnl.nic.in
300 _axlvi, 515p.
_b21cm. (Pbk)
500 _aincludes i ndex
700 _aRowley, Daniel James
700 _aArmandi, Barry R.
942 _adpl
_cEN
_k658.4012 / SHE
_2ddc
_h658.4012
_mSHE
999 _c1389
_d1389